000
00206nam a22000977a 4500
999
_c
15854
_d
15854
003
OSt
008
191022b ||||| |||| 00| 0 eng d
100
_a
Kerala,Varma C R.
_9
4350
245
_a
Bhangi
942
_c
BK